000 00755nam a2200229Ia 4500
003 GCL
008 140319s9999 xx 000 0 ara d
020 _a2058719977
040 _aGCL /
_cGCL
082 0 4 _a658.15
_bم ا
100 1 _aمحمد سويلم
245 1 0 _aادارة البنوك وصناديق الاستثمار وبورصات الاوراق المالية /
_cمحمد سويلم
260 _aالقاهرة :
_bالمؤلف ،
_c1996
260 _aالقاهرة :
_bدار الهانى للطباعة ،
_c1996
300 _a413 ص ؛
_c24 سم
490 _a
650 0 4 _aالاستثمار
650 0 4 _aالادارة
650 0 4 _aالادارة المالية
650 0 4 _aادارة البنوك
942 _2ddc
_cBK
999 _c49175
_d49175